| 000 | 01865cam a2200349 i 4500 | ||
|---|---|---|---|
| 001 | 768714001 | ||
| 003 | CO-MdFUSB | ||
| 005 | 20231103172320.0 | ||
| 007 | ta | ||
| 008 | 990405t19991999kyu b 000 0 eng | ||
| 020 | _a0664257844 | ||
| 040 |
_aDLC _bspa _cCO-MdFUSB _dC#P _erda |
||
| 041 | _aeng | ||
| 082 |
_223 _a220.6 _bT641 |
||
| 245 | 1 |
_aTo each its own meaning _b: an introduction to biblical criticisms and their application _c/ editado por Steven L. McKenzie & Stephen R. Haynes |
|
| 250 | _arevisada y ampliada | ||
| 264 | 1 |
_aLouisville, Kentucky : _bWestminster John Knox Press, _c1999 |
|
| 264 | 4 | _c©1999 | |
| 300 |
_a306 páginas ; _c23 cm |
||
| 336 |
_atexto _btxt _2rdacontent. |
||
| 337 |
_asin mediación _bn _2rdamedia. |
||
| 338 |
_avolumen _bnc _2rdacarrier. |
||
| 504 | _aIncluye referencias bibliográficas | ||
| 505 | _aLectura histórica de la Biblia: el enfoque del historiador / J. Maxwell Miller -- Crítica de las fuentes / Pauline A. Viviano -- Crítica de las formas / Marvin A. Sweeney -- Crítica histórica-tradicional / Robert A. Di Vito -- Crítica de la redacción / Gail P. C. Streete -- Crítica científico-social / Dale B. Martin -- Crítica canónica / Mary C. Callaway -- Crítica retórica e intertextualidad / Patricia K. Tull -- Crítica estructural / Daniel Patte -- Crítica narrativa / David M. Gunn -- Lector-respuesta crítica / Edgar V. McKnight -- Crítica postestructuralista / William A. Beardslee -- Leer la Biblia ideológicamente: crítica feminista / Danna Nolan Fewell -- Leer la Biblia ideológicamente: crítica socioeconómica / Fernando F. Segovia. | ||
| 563 | _aRústico | ||
| 650 | 7 |
_2embne _97333 _aHermenéutica bíblica |
|
| 700 |
_aMcKenzie, Steven L. _eeditor _98922 |
||
| 700 | 1 |
_aHaynes, Stephen R. _eeditor |
|
| 942 | _cBK | ||
| 945 | _aJTF-925 | ||
| 999 |
_c68507 _d68507 |
||